:كلام في السياسة (Record no. 3769)
[ view plain ]
| 000 -الفاتح | |
|---|---|
| حقل البيانات ثابتة الطول | 00814nac a22001931u 4500 |
| 008 - عناصر البيانات ثابتة الطول - معلومات عامة | |
| حقل البيانات ثابتة الطول | 090318s2003 xxu||||| |||| 00| 0 ara d |
| 010 ## - | |
| -- | 2002332494 |
| 020 ## - الرقم الدولى المعيارى للكتب | |
| الرقم الدولى المعيارى للكتاب | 977090807X |
| 035 ## - رقم ضبط النظام | |
| رقم ضبط النظام | (CStRLIN)DCLN02-B2843 |
| 082 ## - رقم تصنيف ديوى العشرى | |
| رقم التصنيف | 320.956 |
| رقم المادة | هـ ي ك |
| 245 10 - بيان العنوان | |
| العنوان | :كلام في السياسة |
| اسم جزء/قسم العمل | نهايات طرق: العربي التائه 2001 / |
| بيان المسئوليه,etc | محمد حسنين هيكل |
| 250 ## - بيان الطبعة | |
| بيان الطبعة | ط 4 |
| 260 ## - PUBLICATION, DISTRIBUTION, ETC. (IMPRINT) | |
| مكان الناشر او الموزع | القاهرة : |
| اسم الناشر او الموزع | المصرية للنشر العربى والدولى ،2002 |
| تاريخ النشر أو التوزيع | 2002 |
| 300 ## - الوصف المادى | |
| التعداد | 290 ص ؛ |
| أبعاد الوعاء | 24 سم. |
| 520 ## - التبصرة الخاصة بالتعليق أو التلخيص | |
| ملخص,الخ | Arab countries; politics and government; Arab-Israeli conflict; 21st century. |
| 650 ## - المدخل الاضافى بالموضوع-مصطلح موضوعى | |
| 9 (RLIN) | 13399 |
| مصطلح موضوعي أو اسم جغرافي كعنصر مدخل | النزاع العربي الإسرائيلي |
| 651 ## - المدخل الاضافى بالموضوع - اسم جغرافى | |
| 9 (RLIN) | 21469 |
| الاسم الجغرافي | العالم العربي |
| التقسيم الفرعي العام | الأحوال السياسية |
| 942 ## - عناصر المدخل الإضافي( كوها) | |
| Koha [default] item type | Book - Borrowing |
| سابقة رقم الطلب | 320.956 هـ ي ك |
| مصدر التصنيف او مخطط الترفيف | Dewey Decimal Classification |
| حالة التراجع | حالة الفقد | مصدر التصنيف او خطة الترفيف | حالة تلف | ليس للاعارة | مجموعات كوها | المكان الدائم | المكان الحالي | موقع الترفيف | تاريخ الاكتساب | Source of acquisition | سعر الشراء الطبيعي | رقم الاستدعاء | الباركود | Date last seen | مُعار | التكلفة | نوع الوعاء |
|---|---|---|---|---|---|---|---|---|---|---|---|---|---|---|---|---|---|
| Dewey Decimal Classification | Central Library | Central Library | First floor | 17/05/2007 | 25.00 | 320.956 هـ ي ك | 000030070 | 15/07/2025 | 16/11/2009 | 31.25 | Book - Borrowing |